The emerging physics of consciousness / (Record no. 37909)

MARC details
000 -LEADER
fixed length control field 01004cam a22003014a 4500
020 ## - INTERNATIONAL STANDARD BOOK NUMBER
ISBN 9783540238904 (alk. paper)
082 00 - DEWEY DECIMAL CLASSIFICATION NUMBER
Classification number 612.8/2
245 04 - TITLE STATEMENT
Title The emerging physics of consciousness /
Statement of responsibility, etc Jack A. Tuszynski (ed.).
260 ## - PUBLICATION, DISTRIBUTION, ETC. (IMPRINT)
Place of publication Berlin ;
-- New York :
Name of publisher Springer,
Year of publication 2006.
300 ## - PHYSICAL DESCRIPTION
Number of Pages xv, 487 p.
440 #4 - SERIES STATEMENT/ADDED ENTRY--TITLE
Title The frontiers collection,
504 ## - BIBLIOGRAPHY, ETC. NOTE
Bibliography, etc Includes bibliographical references and index.
650 #0 - SUBJECT ADDED ENTRY--TOPICAL TERM
Topical Term Consciousness.
650 #0 - SUBJECT ADDED ENTRY--TOPICAL TERM
Topical Term Quantum theory.
650 #0 - SUBJECT ADDED ENTRY--TOPICAL TERM
Topical Term Biophysics.
650 12 - SUBJECT ADDED ENTRY--TOPICAL TERM
Topical Term Consciousness
General subdivision physiology.
650 22 - SUBJECT ADDED ENTRY--TOPICAL TERM
Topical Term Physics
General subdivision methods.
650 22 - SUBJECT ADDED ENTRY--TOPICAL TERM
Topical Term Quantum Theory.
650 #6 - SUBJECT ADDED ENTRY--TOPICAL TERM
Topical Term Conscience.
650 17 - SUBJECT ADDED ENTRY--TOPICAL TERM
Topical Term Bewustzijn.
650 17 - SUBJECT ADDED ENTRY--TOPICAL TERM
Topical Term Neurobiologie.
650 17 - SUBJECT ADDED ENTRY--TOPICAL TERM
Topical Term Natuurkunde.
700 1# - ADDED ENTRY--PERSONAL NAME
Personal name Tuszynski, J. A.
856 42 - ELECTRONIC LOCATION AND ACCESS
Uniform Resource Identifier http://www.loc.gov/catdir/enhancements/fy0818/2005937896-b.html
856 41 - ELECTRONIC LOCATION AND ACCESS
Uniform Resource Identifier http://www.loc.gov/catdir/enhancements/fy0818/2005937896-t.html
856 42 - ELECTRONIC LOCATION AND ACCESS
Uniform Resource Identifier http://www.loc.gov/catdir/enhancements/fy0663/2005937896-d.html
942 ## - ADDED ENTRY ELEMENTS (KOHA)
Source of classification or shelving scheme Dewey Decimal Classification
Koha item type Books

No items available.